000 02559nam a22002177a 4500
008 220421b ||||| |||| 00| 0 spa d
100 1 _914199
_aCarnicero, Javier
_ecoord.
245 1 0 _aManual de salud electrónica para directivos de servicios y sistemas de salud /
_cCoordinadores Javier Carnicero, Andrés Fernández
260 _aSantiago de Chile :
_bNaciones Unidas,
_c2012.
300 _a414 p.
_bdigital
505 _aCapítulo I El sistema de información del hospital. -- Capítulo II La historia clínica electrónica. -- Capítulo III La gestión integral de peticiones clínicas en el ámbito de la salud electrónica. -- Capítulo IV Sistemas de información del laboratorio clínico. -- Capítulo V Patología digital y telepatología. -- Capítulo VI Gestión de la imagen médica digital. -- Capítulo VII Telemedicina: generalidades y áreas de aplicación clínicas. -- Capítulo VIII Telerradiología. -- Capítulo IX La gestión electrónica de la farmacoterapia. -- Capítulo X Intercambio internacional de información clínica. -- Capítulo XI Sistemas de información de salud pública. -- Capítulo XII Sistemas de información de salud laboral. -- Capítulo XIII Educación a distancia en el área de salud: la experiencia de Brasil. -- Capítulo XIV Sistemas de información para la planificación y control de gestión en los servicios y sistemas de salud. -- Capítulo XV Interoperabilidad. -- Capítulo XVI Principios de seguridad de la información en entornos de salud. -- Capítulo XVII Gestión de proyectos de salud electrónica. -- Capítulo XVIII Infraestructura y requisitos básicos de los sistemas de salud electrónica. -- Capítulo XIX Un caso de uso: el proyecto corporativo de salud electrónica de la Comunidad Foral de Navarra.
520 _aEste Manual es un aporte al proceso de toma de decisiones para incorporar tecnologías de la información y de las comunicaciones (TIC) en las estrategias públicas de salud. En él se abordan casi todas las áreas en las que estas pueden ser aplicadas, se aclaran conceptos, se especifican beneficios e identifican requerimientos.
650 0 _2decs
_93299
_aTECNOLOGÍA MÉDICA
650 0 _2decs
_96183
_aSISTEMAS DE SALUD
700 1 _914201
_aFernández, Andrés
_ecoord.
710 2 _aComisión Económica para América Latina y el Caribe
_93350
710 _914200
_aSociedad Española de Informática de la Salud.
856 _uhttps://repositorio.cepal.org/handle/11362/3023
942 _2ddc
_cLIBRO DIGI
999 _c7540
_d7540
980 _62
_aVirginia Figueroa
_8
_gCRON CRON